000 00727nam a2200241Ia 4500
003 OSt
005 20220926013039.0
006 a|||||r|||| 00| 0
007 ta
008 220923b |||||||| |||| 00| 0 eng d
037 _cGeneral Book
040 _aRTL
_cRTL
_beng
041 _2eng
_aeng
082 _aB280b
_:(D6,9(B), N0
100 _aWalsh Anthony
_9317776
245 0 _aStatistics for the social sciences with computer a
260 _aNew York
_bHarper and Row
_c1990
300 _axvii,374p
_ccm.
500 _aBibliography chapterwise; Appendix:P349-60; Glossary:P361-68
650 _aStatistics
_935791
942 _hB280b
_:(D6,9(B), N0
_cGB
_2CC
999 _c625067
_d625067